00344nam a2200133Ia 4500003000400000005001700004008004100021040001800062041000800080100005000088110002000138245003200158260002000190OSt20230525112402.0211028s2018 xx 000 0 und d cAIMIT LIBRARY aeng aAnton, Kuris Annie; Prabhu, Aravinda.e161918 aAravinda Prabhu aHospital management system. aMangaluruc2018